[Event "Ukrainian Games (youth)"]
[Site "masterchessopen.com - Evpatoria (Ukraine)"]
[Round "0"]
[White "Derjabin Ilja (UKR)"]
[Black "Kedyk Dmitry (USA)"]
[Result "1-0"]
[WhiteElo "2282"]
[BlackElo "2292"]

1.d4 Nf6 2.c4 c5 3.d5 e6 4.Nc3 exd5 5.cxd5 d6 6.e4 g6 7.a4 Bg7 8.Nge2 O-O
9.Ng3 a6 10.Be2 Nbd7 11.O-O Re8 12.f4 Rb8 13.Kh1 Qc7 14.Ra3 h5 15.e5 dxe5
16.f5 b5 17.axb5 h4 18.Nge4 axb5 19.Nxb5 Rxb5 20.Nxf6+ Nxf6 21.Bxb5 Rd8
22.fxg6 fxg6 23.Bc4 Be6 24.Bg5 Bxd5 25.Bxf6 Bxc4 26.Bxd8 {#r} 1-0

[Event "Ch France (juniors)"]
[Site "masterchessopen.com - France"]
[Round "5"]
[White "Guichard Pauline (FRA)"]
[Black "Verot Melanie (FRA)"]
[Result "0-1"]
[WhiteElo "2312"]
[BlackElo "2137"]

1.d4 Nf6 2.c4 c5 3.d5 e6 4.Nc3 exd5 5.cxd5 d6 6.e4 g6 7.f3 Bg7 8.Be3 O-O 9.Qd2
Nfd7 10.Bh6 Qh4+ 11.g3 Qxh6 12.Qxh6 Bxh6 13.Nb5 Na6 14.Nxd6 Nb6 15.f4 Rd8
16.Nb5 Bg7 17.O-O-O f5 18.Bg2 fxe4 19.Bxe4 Nc4 20.d6 Bxb2+ 21.Kb1 Bf5 22.Bxf5
gxf5 23.Nf3 Na3+ 24.Kxb2 Nxb5 25.d7 Nb8 26.Ne5 Nd4 27.Rhe1 {#R} 0-1

[Event "It (open)"]
[Site "masterchessopen.com - Hamburg (Germany)"]
[Round "9"]
[White "Kyeck Christopher (GER)"]
[Black "Zimmermann Julian (GER)"]
[Result "0-1"]
[WhiteElo "2057"]
[BlackElo "2171"]

1.d4 Nf6 2.c4 c5 3.d5 e6 4.Nc3 exd5 5.cxd5 d6 6.e4 g6 7.h3 Bg7 8.Nf3 O-O 9.Bd3
b5 10.Nxb5 Re8 11.Nc3 Nxe4 12.Bxe4 f5 13.Ng5 fxe4 14.O-O e3 15.Ne6 exf2+
16.Kh1 Bxe6 17.dxe6 Nc6 18.Rxf2 Nd4 19.e7 Qxe7 20.Bd2 Rf8 21.Rxf8+ Rxf8 22.Qg4
Qf7 23.Ne4 Be5 24.Be3 Nc2 {#R} 0-1

[Event "Ch City"]
[Site "masterchessopen.com - Helsinki (Finland)"]
[Round "8"]
[White "Manninen Marko (FIN)"]
[Black "Gustafsson Bjorn (SWE)"]
[Result "1-0"]
[WhiteElo "2425"]
[BlackElo "2106"]

1.d4 Nf6 2.c4 c5 3.d5 e6 4.Nc3 exd5 5.cxd5 d6 6.e4 Be7 7.Bd3 Na6 8.h3 O-O
9.Nf3 Nc7 10.a4 a6 11.O-O Rb8 12.Bf4 g6 13.Bc2 Nh5 14.Bh2 Ng7 15.e5 b6 16.Qd2
Nce8 17.Qh6 Rb7 18.exd6 Bf6 19.Ne4 Nf5 20.Nxf6+ Qxf6 21.Bxf5 Qxf5 22.Rfe1 Qf6
23.Be5 Qf5 24.Bg7 {#r} 1-0

[Event "It (open) \"]
[Site "masterchessopen.com - High Tatras (Slovakia)"]
[Round "2"]
[White "Kalmar Martin (CZE)"]
[Black "Sikora Jan (CZE)"]
[Result "0-1"]
[WhiteElo "1983"]
[BlackElo "2191"]

1.d4 Nf6 2.c4 c5 3.d5 e6 4.Nc3 exd5 5.cxd5 d6 6.e4 g6 7.Bg5 Bg7 8.Qd2 O-O
9.Nf3 Re8 10.Bd3 a6 11.a4 Bg4 12.Qf4 Bxf3 13.Qxf3 Nbd7 14.O-O Ne5 15.Qe3 h6
16.Bh4 Nfg4 17.Bxd8 Nxe3 18.fxe3 Nxd3 19.Ba5 Nxb2 20.Rfc1 Nc4 21.Bc7 Rac8 {#R}
0-1

[Event "It (open)"]
[Site "masterchessopen.com - Ljubljana (Slovenia)"]
[Round "1"]
[White "Basagic Zlatko (SLO)"]
[Black "Ivanovic Andrej (SLO)"]
[Result "1-0"]
[WhiteElo "2372"]
[BlackElo "2016"]

1.d4 Nf6 2.c4 c5 3.d5 e6 4.Nc3 exd5 5.cxd5 d6 6.e4 g6 7.Bd3 Bg7 8.Nge2 O-O
9.O-O Ng4 10.h3 Ne5 11.Bc2 Na6 12.f4 Nc4 13.Bd3 Na5 14.f5 Rb8 15.Qe1 c4 16.Bb1
b5 17.Be3 b4 18.Nd1 Nc5 19.Qf2 Re8 20.f6 Bf8 21.Qh4 Ba6 22.Bh6 Kh8 23.Bxf8
Rxf8 24.Rf4 Nd7 25.Ng3 Rg8 26.Qxh7+ {#r} 1-0

[Event "It (open)"]
[Site "masterchessopen.com - Patras (Greece)"]
[Round "4"]
[White "Holis Hristos (GRE)"]
[Black "Sismanis Aggelos (GRE)"]
[Result "0-1"]
[WhiteElo "1682"]
[BlackElo "2091"]

1.d4 Nf6 2.c4 c5 3.d5 e6 4.Nc3 exd5 5.cxd5 d6 6.e4 g6 7.f3 Bg7 8.Bb5+ Nbd7
9.Nge2 O-O 10.Bf4 Qe7 11.Bxd7 Nxd7 12.Qd2 Ne5 13.b3 Bd7 14.O-O Rfe8 15.Bg3 f5
16.Rae1 a6 17.Nc1 Qf6 18.f4 Nf7 19.Re3 Qd4 20.Rf2 Qxd2 21.Rxd2 Bd4 22.Re2 fxe4
{#R} 0-1

[Event "Tournament (Elo)"]
[Site "masterchessopen.com - Singapore"]
[Round "4"]
[White "Teo Kok-Siong (SIN)"]
[Black "Nithiananthan J (SIN)"]
[Result "1-0"]
[WhiteElo "2313"]
[BlackElo "2105"]

1.d4 Nf6 2.c4 c5 3.d5 e6 4.Nc3 exd5 5.cxd5 d6 6.e4 g6 7.Bd3 Bg7 8.f3 O-O 9.Bg5
Re8 10.Qd2 a6 11.a4 Nbd7 12.Nh3 Ne5 13.Nf2 Bd7 14.a5 Rc8 15.Be2 c4 16.O-O Rc5
17.f4 Nd3 18.Bxd3 cxd3 19.e5 dxe5 20.Nxd3 Rxa5 21.fxe5 Rxa1 22.Rxa1 {#r} 1-0

[Event "Memorial M.Chigorin (open)"]
[Site "masterchessopen.com - St. Petersburg (Russia)"]
[Round "2"]
[White "Klimov Sergey (RUS)"]
[Black "Ubushiev Andrey (RUS)"]
[Result "1-0"]
[WhiteElo "2452"]
[BlackElo "2257"]

1.d4 Nf6 2.c4 c5 3.d5 e6 4.Nc3 exd5 5.cxd5 d6 6.e4 g6 7.Bd3 Bg7 8.Nge2 O-O
9.O-O Na6 10.h3 Rb8 11.a4 Nb4 12.Bb1 a6 13.Bg5 Qc7 14.Qd2 Bd7 15.Ng3 b5 16.a5
Rfe8 17.Qf4 Nfxd5 18.exd5 Bxc3 19.bxc3 Nxd5 20.Qd2 Be6 21.Be4 Ne7 22.Bf6 {#r}
1-0

[Event "It (open)"]
[Site "masterchessopen.com - Trignac (France)"]
[Round "2"]
[White "Dumitrache Dragos-Nicolae (ROM)"]
[Black "Castaignet Laurent (FRA)"]
[Result "1-0"]
[WhiteElo "2495"]
[BlackElo "2193"]

1.d4 Nf6 2.c4 c5 3.d5 e6 4.Nc3 exd5 5.cxd5 d6 6.e4 g6 7.Bd3 Bg7 8.Nge2 a6 9.a4
O-O 10.O-O Nbd7 11.h3 Re8 12.Ng3 Qc7 13.Kh1 Rb8 14.Be3 c4 15.Bc2 Nc5 16.f4 b5
17.axb5 axb5 18.e5 Nfd7 19.e6 fxe6 20.dxe6 Rxe6 21.Nd5 Qd8 22.f5 Rxe3 23.Nxe3
Qg5 24.fxg6 Qxe3 25.Nf5 Qe8 26.gxh7+ Kh8 27.Nxd6 {#r} 1-0

[Event "Ch Germany (juniors) (under 18)"]
[Site "masterchessopen.com - Willingen (Germany)"]
[Round "4"]
[White "Seel Christian (GER)"]
[Black "Overbeck Thorsten (GER)"]
[Result "1-0"]
[WhiteElo "2282"]
[BlackElo "2160"]

1.d4 Nf6 2.c4 c5 3.d5 e6 4.Nc3 exd5 5.cxd5 d6 6.e4 g6 7.h3 Bg7 8.Bg5 a6 9.a4
Qa5 10.Bd3 O-O 11.Nf3 c4 12.Bc2 Re8 13.O-O Nfd7 14.Be3 Nc5 15.Bd4 Bh6 16.e5
Qc7 17.Bxc5 dxc5 18.a5 Nd7 19.d6 Qd8 20.Nd5 Nxe5 21.Nc7 Nxf3+ 22.Qxf3 Rb8
23.Nxe8 Qxe8 24.Ba4 Bd7 25.Rfe1 {#r} 1-0

[Event "Ch Asian Cities (team)"]
[Site "masterchessopen.com - Aden (Yemen)"]
[Round "6"]
[White "Barsov Alexei (UZB)"]
[Black "Ali Arif (IND)"]
[Result "1-0"]
[WhiteElo "2525"]
[BlackElo "2105"]

1.d4 Nf6 2.c4 c5 3.d5 e6 4.Nc3 exd5 5.cxd5 d6 6.e4 g6 7.h3 Bg7 8.Nf3 O-O 9.Bd3
b5 10.Nxb5 Nxe4 11.Bxe4 Re8 12.Ng5 Bf5 13.O-O Bxe4 14.Re1 Bc2 15.Rxe8+ Qxe8
16.Nxd6 Bxd1 17.Nxe8 {#r} 1-0

[Event "It (open)"]
[Site "masterchessopen.com - Debrecen (Hungary)"]
[Round "9"]
[White "Toth Ferenc (HUN)"]
[Black "Lengyel Ferenc (HUN)"]
[Result "0-1"]
[WhiteElo "1818"]
[BlackElo "2296"]

1.d4 Nf6 2.c4 e6 3.Nc3 c5 4.d5 exd5 5.cxd5 d6 6.e4 g6 7.g3 Bg7 8.Bg2 O-O 9.Nf3
b5 10.Qc2 b4 11.Ne2 Ba6 12.Be3 Qe8 13.Nd2 Qb5 14.Nc1 Ng4 15.Bf1 Nxe3 16.fxe3
Qd7 17.Bxa6 Nxa6 18.O-O Nc7 19.a3 bxa3 20.Rxa3 Nb5 21.Ra2 h5 22.Nf3 Rae8
23.Nh4 Bh6 24.Qd3 c4 25.Qxc4 Bxe3+ 26.Kg2 Rc8 {#R} 0-1

[Event "Ch France (team) (2) 2001/02"]
[Site "masterchessopen.com - France"]
[Round "9"]
[White "Demarre Jacques (FRA)"]
[Black "Iasoni Robert (FRA)"]
[Result "1-0"]
[WhiteElo "2290"]
[BlackElo "2126"]

1.d4 Nf6 2.c4 c5 3.d5 e6 4.Nc3 exd5 5.cxd5 d6 6.e4 g6 7.Bb5+ Nbd7 8.Bg5 h6
9.Bh4 Qe7 10.Nf3 a6 11.Bxd7+ Bxd7 12.O-O Bg4 13.Qa4+ Bd7 14.Qa5 g5 15.Bg3 Ng4
16.e5 Nxe5 17.Nxe5 dxe5 18.Bxe5 f6 19.Bc7 Qh7 20.Qb6 Qf5 21.Qxb7 Rc8 22.Bg3
Kf7 23.Rfe1 h5 24.Re6 Rd8 25.Ne4 Be7 26.Rxf6+ {#r} 1-0

[Event "It \"]
[Site "masterchessopen.com - Frankfurt (Germany)"]
[Round "1"]
[White "Hanowski Martin (GER)"]
[Black "Schneider Walter (GER)"]
[Result "0-1"]
[WhiteElo "1815"]
[BlackElo "2032"]

1.d4 Nf6 2.c4 c5 3.d5 e6 4.Nc3 exd5 5.cxd5 d6 6.e4 g6 7.Bg5 a6 8.Nf3 Bg7
9.Qa4+ Bd7 10.Bb5 O-O 11.O-O Bxb5 12.Nxb5 Qd7 13.e5 dxe5 14.Qh4 Nxd5 15.Rad1
Qxb5 16.Rxd5 Nc6 17.Bh6 f6 18.Rd7 Rf7 19.Rfd1 Nd4 20.Rxf7 Kxf7 21.Bg5 Qe2
22.Rf1 Nxf3+ 23.gxf3 fxg5 24.Kg2 {#R} 0-1

[Event "Ch Asturia"]
[Site "masterchessopen.com - Gijon (Spain)"]
[Round "7"]
[White "Yndurain Arrue Jose Javier (ESP)"]
[Black "Menendez Solar Jose Carlos (ESP)"]
[Result "0-1"]
[WhiteElo "1778"]
[BlackElo "1857"]

1.d4 Nf6 2.c4 c5 3.d5 d6 4.Nc3 e6 5.e4 exd5 6.cxd5 g6 7.Bb5+ Nbd7 8.a4 a6
9.Bd3 Bg7 10.Nge2 O-O 11.O-O Re8 12.Bg5 h6 13.Bd2 Qe7 14.Qc1 Kh7 15.Ng3 c4
16.Bc2 Nc5 17.f3 Bd7 18.Kh1 b5 19.Qd1 Ng8 20.Rb1 b4 {#R} 0-1

[Event "Tournament (Elo)"]
[Site "masterchessopen.com - Hamburg (Germany)"]
[Round "3"]
[White "Kjetzae Johnny (GER)"]
[Black "Voigt Martin (GER)"]
[Result "0-1"]
[WhiteElo "2115"]
[BlackElo "2300"]

1.d4 Nf6 2.c4 c5 3.d5 e6 4.Nc3 exd5 5.cxd5 d6 6.e4 g6 7.f3 Bg7 8.Bg5 O-O 9.Qd2
a6 10.a4 Nbd7 11.Nh3 h6 12.Be3 Ne5 13.Nf2 Kh7 14.Be2 Rb8 15.O-O g5 16.Rfb1 a5
17.Kh1 Ng6 18.g3 Nh5 19.Rg1 b6 20.Rg2 Rg8 21.Rag1 Qf6 22.Nfd1 Bh3 23.Rf2 Nhf4
24.Bb5 Bc8 25.Ne2 Nh3 {#R} 0-1

[Event "It (open)"]
[Site "masterchessopen.com - Kavala (Greece)"]
[Round "2"]
[White "Hellsten Johan (SWE)"]
[Black "Khomeriki Giorgi (GEO)"]
[Result "1-0"]
[WhiteElo "2488"]
[BlackElo "2200"]

1.d4 Nf6 2.c4 c5 3.d5 e6 4.Nc3 exd5 5.cxd5 d6 6.e4 g6 7.Nge2 Bg7 8.Ng3 O-O
9.Be2 a6 10.a4 Re8 11.O-O Nbd7 12.Bg5 h6 13.Be3 h5 14.f3 Rb8 15.Qd2 Ne5 16.h3
Qa5 17.Rfb1 Qb4 18.a5 Bd7 19.Nf1 Nc4 20.Bxc4 Qxc4 21.Bh6 Bb5 22.Bxg7 Kxg7
23.Ne3 Qb4 24.b3 Nd7 25.Nc2 {#r} 1-0

[Event "It (open) \"]
[Site "masterchessopen.com - Raipur (India)"]
[Round "10"]
[White "Babu N Sudhakar (IND)"]
[Black "Rathnakaran K (IND)"]
[Result "0-1"]
[WhiteElo "2367"]
[BlackElo "2374"]

1.d4 Nf6 2.c4 c5 3.d5 e6 4.Nc3 exd5 5.cxd5 d6 6.e4 g6 7.f3 Bg7 8.Bg5 O-O 9.Qd2
b6 10.Qf4 Ba6 11.Nh3 Bxf1 12.Kxf1 a6 13.Nf2 Qe7 14.Ng4 Nbd7 15.h4 h5 16.Nxf6+
Bxf6 17.Bxf6 Nxf6 18.Nd1 Rae8 19.Ne3 b5 20.Qg5 c4 21.b3 c3 22.Kf2 Qd8 23.Qf4
Re5 24.Rac1 Rfe8 25.Rxc3 Rxe4 26.Qh6 Qb6 27.fxe4 Ng4+ {#R} 0-1

[Event "Ch Sweden (juniors)"]
[Site "masterchessopen.com - Skara (Sweden)"]
[Round "5"]
[White "Namini Armin (SWE)"]
[Black "Olsson Linus (SWE)"]
[Result "0-1"]
[WhiteElo "2114"]
[BlackElo "2295"]

1.d4 Nf6 2.c4 c5 3.d5 e6 4.Nc3 exd5 5.cxd5 d6 6.e4 g6 7.Bd3 Bg7 8.Nge2 O-O
9.O-O Na6 10.f3 Rb8 11.Be3 Re8 12.Rb1 Nc7 13.Kh1 Ncxd5 14.exd5 Rxe3 15.Ng3 Re8
16.Qd2 Bd7 17.f4 Ng4 18.Be2 Nxh2 {#R} 0-1

[Event "Ch Sweden (juniors)"]
[Site "masterchessopen.com - Skara (Sweden)"]
[Round "11"]
[White "Namini Armin (SWE)"]
[Black "Semcesen Daniel (SWE)"]
[Result "0-1"]
[WhiteElo "2114"]
[BlackElo "2190"]

1.d4 Nf6 2.c4 c5 3.d5 e6 4.Nc3 exd5 5.cxd5 d6 6.e4 g6 7.Bd3 Bg7 8.Nge2 O-O
9.O-O Ng4 10.f3 Ne5 11.Bc2 Na6 12.a3 Rb8 13.Rb1 f5 14.exf5 Bxf5 15.Bxf5 gxf5
16.Nf4 Nc7 17.a4 a6 18.Qe1 Qd7 19.b4 b5 20.axb5 axb5 21.Qf2 Ng6 22.Nce2 c4
23.Rd1 Be5 24.Nxg6 hxg6 25.Nf4 Qg7 26.Be3 Rbe8 27.Qh4 g5 {#R} 0-1

[Event "It (open)"]
[Site "masterchessopen.com - Bad Wiessee (Germany)"]
[Date "2002.10.29"]
[Round "4"]
[White "Braun Christian (GER)"]
[Black "Grafl Florian (GER)"]
[Result "1-0"]
[WhiteElo "2242"]
[BlackElo "2343"]

1.d4 Nf6 2.c4 e6 3.Nc3 c5 4.d5 exd5 5.cxd5 d6 6.e4 g6 7.Bd3 Bg7 8.Nge2 O-O
9.O-O Ng4 10.h3 Ne5 11.Bc2 Na6 12.a3 Rb8 13.f4 Nc4 14.Bd3 Na5 15.Be3 f5
16.exf5 Bxf5 17.b4 Bxd3 18.Qxd3 cxb4 19.axb4 Nxb4 20.Qb1 Re8 21.Qxb4 Rxe3
22.Rxa5 Rc8 23.Rxa7 Bxc3 24.Qxb7 Qe8 25.Nxc3 {#r} 1-0

[Event "It (open) \"]
[Site "masterchessopen.com - Salonika (Greece)"]
[Date "2002.12.22"]
[Round "2"]
[White "Giakoustidis Spiros-Avgerinos (GRE)"]
[Black "Oreopoulos Konstantinos (GRE)"]
[Result "0-1"]
[WhiteElo "1888"]
[BlackElo "2260"]

1.d4 Nf6 2.c4 c5 3.d5 e6 4.Nc3 exd5 5.cxd5 d6 6.e4 g6 7.Bb5+ Bd7 8.Bd3 Bg7
9.f4 O-O 10.Nf3 b5 11.e5 dxe5 12.fxe5 Ng4 13.Bf4 c4 14.Be4 Qb6 15.Qd2 b4 16.h3
bxc3 17.bxc3 Nxe5 18.Bxe5 Re8 19.Qf4 f5 20.d6 fxe4 21.Ng5 Rxe5 22.Qf7+ Kh8
23.h4 Qe3+ 24.Kd1 Ba4# 0-1

[Event "Ukrainian Games (w)"]
[Site "masterchessopen.com - Alushta (Ukraine)"]
[Round "2"]
[White "Tolkachova Vitalina (UKR)"]
[Black "Matseyko Katerina (UKR)"]
[Result "0-1"]
[WhiteElo "2122"]
[BlackElo "2249"]

1.d4 Nf6 2.c4 c5 3.d5 e6 4.Nc3 exd5 5.cxd5 d6 6.e4 g6 7.Bd3 Bg7 8.h3 O-O 9.Nf3
Re8 10.O-O a6 11.a4 Nbd7 12.Bf4 Qe7 13.Re1 Qf8 14.Qd2 Nh5 15.Be3 Rb8 16.Rab1
h6 17.Nh2 Nhf6 18.f4 c4 19.Be2 b5 20.axb5 axb5 21.b4 cxb3 22.Rxb3 b4 23.Qd3
bxc3 24.Rxb8 Nxb8 25.Bd4 Ba6 26.Qxc3 Nxd5 {#R} 0-1

[Event "It \"]
[Site "masterchessopen.com - Blackpool (England)"]
[Round "3"]
[White "Crouch Colin S (ENG)"]
[Black "Specht Josh (USA)"]
[Result "0-1"]
[WhiteElo "2374"]
[BlackElo "2109"]

1.d4 Nf6 2.c4 c5 3.d5 e6 4.Nc3 exd5 5.cxd5 d6 6.e4 g6 7.Bd3 Bg7 8.Nge2 a6 9.a4
Nbd7 10.O-O Ne5 11.Bc2 c4 12.Kh1 O-O 13.f4 Ned7 14.Ng3 h5 15.h3 Rb8 16.Qf3 b5
17.axb5 axb5 18.Be3 Re8 19.e5 dxe5 20.f5 e4 21.Ncxe4 Nxe4 22.Nxe4 Ne5 23.Qd1
Bxf5 24.Ra6 Nd3 25.Bxd3 cxd3 26.Bg5 Qxd5 {#R} 0-1

[Event "Tournament (Elo) (b)"]
[Site "masterchessopen.com - Budapest (Hungary)"]
[Round "1"]
[White "Bodrogi Laszlo (HUN)"]
[Black "Bednay Bence (HUN)"]
[Result "1-0"]
[WhiteElo "2085"]
[BlackElo "2202"]

1.d4 Nf6 2.c4 e6 3.Nc3 c5 4.d5 exd5 5.cxd5 d6 6.e4 a6 7.f4 g6 8.e5 Nfd7 9.Nf3
Bg7 10.e6 Qe7 11.f5 gxf5 12.Bd3 fxe6 13.dxe6 Qxe6+ 14.Kf2 O-O 15.Re1 Ne5
16.Bc2 Nbc6 17.Nd5 Nb8 18.Bb3 Kh8 19.Bg5 b5 20.Nf4 Qd7 21.Ne6 Re8 22.Nxg7 Kxg7
23.Qd2 Bb7 24.Bf6+ {#r} 1-0

[Event "Ch Slovenia (team)"]
[Site "masterchessopen.com - Celje (Slovenia)"]
[Round "2"]
[White "Gostisa Leon (SLO)"]
[Black "Rogulj Branko (CRO)"]
[Result "1-0"]
[WhiteElo "2422"]
[BlackElo "2387"]

1.d4 Nf6 2.c4 c5 3.d5 e6 4.Nc3 exd5 5.cxd5 d6 6.e4 a6 7.f4 b5 8.e5 b4 9.exf6
bxc3 10.Qe2+ Kd7 11.fxg7 Be7 12.gxh8=Q Qxh8 13.Qf2 {#r} 1-0

[Event "Ch France (team) (juniors) 2002/03"]
[Site "masterchessopen.com - France"]
[Round "11"]
[White "Chiu Alexandre (FRA)"]
[Black "Agrech Pierre (FRA)"]
[Result "1-0"]
[WhiteElo "2085"]
[BlackElo "2133"]

1.d4 Nf6 2.c4 c5 3.d5 d6 4.Nc3 e6 5.e4 exd5 6.cxd5 g6 7.f3 Bg7 8.Bg5 O-O 9.Qd2
Re8 10.Nge2 Na6 11.Ng3 Nc7 12.Be2 Rb8 13.a4 b6 14.O-O a6 15.f4 Qd7 16.Rad1 h6
17.Bh4 Ng4 18.e5 dxe5 19.h3 Nf6 20.fxe5 Nh7 21.Bg4 Ne6 22.dxe6 Qxd2 23.exf7+
Kf8 24.fxe8=Q+ {#r} 1-0

[Event "It (open)"]
[Site "masterchessopen.com - Helsinki (Finland)"]
[Round "3"]
[White "Kanko Ilkka (FIN)"]
[Black "Koivistoinen Timo (FIN)"]
[Result "1-0"]
[WhiteElo "2271"]
[BlackElo "1929"]

1.d4 Nf6 2.c4 c5 3.d5 e6 4.Nc3 exd5 5.cxd5 d6 6.e4 g6 7.h3 Bg7 8.Bg5 a6 9.a4
Qb6 10.Qd2 O-O 11.Bd3 Nbd7 12.Nf3 Re8 13.O-O c4 14.Bc2 Nc5 15.Rfe1 Nb3 16.Bxb3
Qxb3 17.a5 Nd7 18.Bf4 Qb4 19.Na4 Qxd2 20.Nxd2 Ne5 21.Bxe5 Bxe5 22.Nxc4 f5
23.Nab6 Rb8 24.Nxe5 dxe5 25.exf5 Bxf5 26.g4 Bd3 27.Nd7 {#r} 1-0

[Event "It (open)"]
[Site "masterchessopen.com - La Pobla de Lillet (Spain)"]
[Round "5"]
[White "Garcia Galeote Lorenzo (ESP)"]
[Black "Molina Jorge (BOL)"]
[Result "1-0"]
[WhiteElo "2124"]
[BlackElo "2281"]

1.d4 Nf6 2.c4 e6 3.Nc3 c5 4.d5 exd5 5.cxd5 d6 6.e4 Nbd7 7.f4 g6 8.Bd3 Bg7
9.Nge2 O-O 10.O-O a6 11.a4 Re8 12.Ng3 Nf8 13.h3 Bd7 14.e5 dxe5 15.f5 e4 16.Bc4
Qc8 17.Bg5 gxf5 18.Bxf6 Bxf6 19.Qh5 Re5 20.d6 Be6 21.Rxf5 Rxf5 22.Nxf5 Bd4+
23.Kf1 Bxf5 24.Qxf7+ {#r} 1-0

[Event "Ch Department"]
[Site "masterchessopen.com - Paris (France)"]
[Date "2003.02.12"]
[Round "5"]
[White "Hauroo Harris (FRA)"]
[Black "Durret Claude (FRA)"]
[Result "1-0"]
[WhiteElo "2147"]
[BlackElo "1752"]

1.d4 Nf6 2.c4 e6 3.Nc3 c5 4.d5 exd5 5.cxd5 d6 6.e4 a6 7.a4 g6 8.Bd3 Bg7 9.Nge2
O-O 10.O-O Nbd7 11.f4 Qc7 12.Ng3 Rb8 13.Qf3 c4 14.Bc2 b5 15.axb5 axb5 16.Be3
Nc5 17.h3 Bd7 18.e5 dxe5 19.fxe5 Ne8 20.d6 Nxd6 21.exd6 Qxd6 22.Rfd1 Nd3
23.Bxd3 cxd3 24.Nce4 Qd5 25.Nf6+ {#r} 1-0

[Event "Ch NRW (2 liga)"]
[Site "masterchessopen.com - Germany"]
[Date "2003.04.06"]
[Round "8"]
[White "Meessen Rudolf (BEL)"]
[Black "Beckmann Frank (GER)"]
[Result "1-0"]
[WhiteElo "2271"]
[BlackElo "2146"]

1.d4 Nf6 2.c4 c5 3.d5 e6 4.Nc3 exd5 5.cxd5 d6 6.e4 g6 7.f3 a6 8.a4 Bg7 9.Be3
Nbd7 10.Nh3 O-O 11.Be2 Qc7 12.O-O Rb8 13.Qd2 Re8 14.Nf2 h5 15.Kh1 b6 16.Rfc1
Ne5 17.h3 Qe7 18.Rab1 Ned7 19.b4 cxb4 20.Rxb4 Nh7 21.Nd3 f5 22.Nf4 Nhf8 23.Ne6
fxe4 24.Nxg7 Qxg7 25.Nxe4 Ne5 26.Nxd6 Rd8 27.Nxc8 Rdxc8 {#r} 1-0

[Event "Bundesliga (2nd) 2003/04 (w)"]
[Site "masterchessopen.com - Germany"]
[Date "2003.11.30"]
[Round "4"]
[White "Buettner Uta"]
[Black "Romakin Helene (GER)"]
[Result "0-1"]
[WhiteElo "1790"]
[BlackElo "2019"]

1.d4 Nf6 2.c4 c5 3.d5 e6 4.Nc3 exd5 5.cxd5 d6 6.e4 g6 7.Bd3 Bg7 8.Bg5 O-O 9.f4
Re8 10.Nf3 Bg4 11.O-O a6 12.a4 Qc7 13.Qe1 c4 14.Bc2 Qb6+ 15.Kh1 Qxb2 16.Rb1
Qxc2 17.Rf2 Qd3 18.Rd1 Nxe4 19.Rxd3 Nxf2+ 20.Qxf2 cxd3 21.Qd2 Nd7 22.Ne1 Rac8
23.Nb1 Re2 24.Qb4 d2 25.Bh4 {#R} 0-1

[Event "Ch Slovakia (team) 2003/04"]
[Site "masterchessopen.com - Slovakia"]
[Date "2004.02.01"]
[Round "9"]
[White "Behul Pavol (SVK)"]
[Black "Berza Stefan (SVK)"]
[Result "0-1"]
[WhiteElo "2157"]
[BlackElo "2146"]

1.d4 Nf6 2.c4 c5 3.d5 e6 4.Nc3 exd5 5.cxd5 d6 6.e4 g6 7.Bb5+ Bd7 8.Bd3 Bg7
9.Nge2 O-O 10.a4 Re8 11.Ng3 Na6 12.O-O Nb4 13.h3 a6 14.f4 b5 15.axb5 Nxd3
16.Qxd3 axb5 17.Rxa8 Qxa8 18.e5 dxe5 19.f5 e4 20.Ngxe4 Nxe4 21.Nxe4 Bxf5
22.Rxf5 gxf5 23.Ng5 Re1+ 24.Kf2 Rxc1 25.Qxf5 Qe8 {#R} 0-1

[Event "Ch Amateur Team East"]
[Site "masterchessopen.com - Parsippany (USA)"]
[Date "2004.02.16"]
[Round "5"]
[White "Radomskyj Peter (USA)"]
[Black "Allen Edward J (USA)"]
[Result "1-0"]
[WhiteElo "2202"]
[BlackElo "2196"]

1.d4 Nf6 2.c4 c5 3.d5 e6 4.Nc3 exd5 5.cxd5 d6 6.e4 g6 7.Bd3 Bg7 8.Nge2 O-O
9.O-O a6 10.a4 Nbd7 11.Ng3 Qc7 12.h3 Rb8 13.Be3 Re8 14.Qd2 c4 15.Bc2 Nc5 16.a5
Nfd7 17.f4 b5 18.e5 dxe5 19.f5 e4 20.Ncxe4 Nxe4 21.Nxe4 Rxe4 22.Bxe4 Nf6
23.Bc2 Bb7 24.Bd4 Qd6 25.Rad1 Rd8 26.fxg6 hxg6 27.Qf2 {#r} 1-0

[Event "Ch Catalunia"]
[Site "masterchessopen.com - Barcelona (Spain)"]
[Date "2004.04.04"]
[Round "1"]
[White "Gual Pascual Antonio (ESP)"]
[Black "Demestres Lopez Ricardo (ESP)"]
[Result "1-0"]
[WhiteElo "2421"]
[BlackElo "1893"]

1.d4 Nf6 2.c4 e6 3.Nc3 c5 4.d5 exd5 5.cxd5 d6 6.e4 Be7 7.Nf3 a6 8.a4 O-O 9.Be2
Bg4 10.Nd2 Bxe2 11.Qxe2 Qa5 12.Ra3 Nbd7 13.O-O Qc7 14.Nc4 Rfe8 15.Bf4 Bf8
16.Rb3 b6 17.h3 Nxe4 18.Nxe4 f5 19.Bxd6 Bxd6 20.Ncxd6 Qxd6 21.Nxd6 Rxe2
22.Nxf5 Re4 23.Re3 Rae8 24.Rg3 Rxa4 {#r} 1-0

[Event "Memorial Rey Ardid (open)"]
[Site "masterchessopen.com - Zaragoza (Spain)"]
[Date "2004.04.18"]
[Round "8"]
[White "Martinez Asensio Juan M (ESP)"]
[Black "Sanmartin Agustin Borja (ESP)"]
[Result "0-1"]
[WhiteElo "2106"]
[BlackElo "2075"]

1.d4 Nf6 2.c4 c5 3.d5 e6 4.Nc3 exd5 5.cxd5 d6 6.e4 g6 7.Bd3 Bg7 8.Nge2 O-O
9.O-O Re8 10.Ng3 Nbd7 11.h3 Ne5 12.Bc2 Rb8 13.f4 Ned7 14.a4 a6 15.Bd3 Qa5
16.Be3 Qb4 17.Rb1 b5 18.axb5 axb5 19.Qf3 Qb3 20.Rf2 b4 21.Bc2 Qc4 22.b3 Qxc3
23.Rd2 Nxd5 24.Ne2 Qxe3+ 25.Qxe3 Nxe3 26.Bd3 f5 {#R} 0-1

[Event "It (open)"]
[Site "masterchessopen.com - Amsterdam (Netherlands)"]
[Date "2004.07.23"]
[Round "7"]
[White "Bensdorp Marlies (NED)"]
[Black "Royakkers Guido (NED)"]
[Result "1-0"]
[WhiteElo "2214"]
[BlackElo "2202"]

1.d4 Nf6 2.c4 c5 3.d5 e6 4.Nc3 exd5 5.cxd5 d6 6.e4 g6 7.h3 Bg7 8.Bd3 O-O 9.Nf3
Nbd7 10.O-O Nh5 11.Bg5 Bf6 12.Be3 a6 13.a4 b6 14.Re1 Re8 15.Qd2 Ra7 16.Rac1
Ne5 17.Nxe5 Bxe5 18.f4 Bf6 19.g4 Ng7 20.Qg2 Rae7 21.Bf2 Qd7 22.Bc2 b5 23.e5
dxe5 24.Ne4 {#r} 1-0

[Event "Ch Europe (juniors) (under 16) (g)"]
[Site "masterchessopen.com - Urgup (Turkey)"]
[Date "2004.08.05"]
[Round "7"]
[White "Khudaya Aliaksandra (BLR)"]
[Black "Benmesbah Natacha (FRA)"]
[Result "1-0"]
[WhiteElo "2010"]
[BlackElo "2030"]

1.d4 Nf6 2.c4 c5 3.d5 e6 4.Nc3 exd5 5.cxd5 d6 6.e4 g6 7.Bd3 Bg7 8.h3 O-O 9.Nf3
b5 10.O-O Ba6 11.a3 Re8 12.Re1 Nbd7 13.Bf4 b4 14.axb4 Bxd3 15.Qxd3 cxb4 16.Qd4
Qb6 17.Qxb6 Nxb6 18.Ra6 b3 {#r} 1-0